| 000 | 01326nac a22004217a 4500 | ||
|---|---|---|---|
| 001 | BR8104186 | ||
| 003 | BR-BrBNA | ||
| 005 | 20240105115025.0 | ||
| 008 | 230509b bl.|||m| |||| 00| 0 por d | ||
| 040 |
_aBR-BrBNA _bpor _cBiblioteca Nacional de Agricultura |
||
| 072 | _aF00; E70 | ||
| 090 | _a0120 BR8104186 | ||
| 100 | 1 | _aAmaral, J.F. | |
| 100 | 1 | _aAlves, S.A. | |
| 100 | 1 | _aPrimo, J.F.C. | |
| 110 | 1 |
_aComissao Estadual de Planejamento Agricola de Sergipe, Aracaju (Brasil) _92036 |
|
| 245 | 1 | _aAcompanhamento conjuntural-agricultura. Agosto 1981 [Milho; Feijao mulatinho; Algodao herbaceo; Arroz; Mandioca; Batata; Cebola; Tomate; Alho; Safra; Preco; Sergipe; Brasil] | |
| 260 | 3 |
_aAracaju, SE (Brasil): _c1981. |
|
| 300 | _a67 p. | ||
| 490 |
_aAcompanhamento Conjuntural. Agricultura - Comissao Estadual de Planejamento Agricola de Sergipe (Brazil) _vv. 3(25) _x |
||
| 500 | _a34 tables | ||
| 650 | _aMILHO | ||
| 650 | _aFEIJAO MULATINHO | ||
| 650 | _aALGODAO HERBACEO | ||
| 650 | _aARROZ | ||
| 650 | _aMANDIOCA | ||
| 650 | _aBATATA | ||
| 650 | _aCEBOLA | ||
| 650 | _aTOMATE | ||
| 650 | _aALHO | ||
| 650 | _aSAFRA | ||
| 650 | _aRENDIMENTO | ||
| 650 | _aESTOQUE | ||
| 650 | _aPRECO | ||
| 650 | _aSERGIPE | ||
| 909 |
_a202312 _bLúcia Elande _c55 _dLúcia Elande |
||
| 942 |
_2AGRIS _n0 _cMS |
||
| 999 |
_c272618 _d272618 |
||